000 00682nam a22002411 4500
001 141891
003 ES-MaACL
005 20230906200407.0
007 t|
008 071001s1957 sp ||||0| spa d
016 7 _zIND2000946124
040 _aM-BN
_bspa
_cCDM
080 _a82-311.2"19"
100 1 _aWilliams, Ben Ames.
_9116911
245 1 0 _aExtraña mujer
_b: novela /
_cBen Ames Williams ; [traducción por A. Bazán].
260 _aBarcelona :
_bPlaneta,
_c1957.
300 _a456 p. ;
_c19 cm.
490 1 _aLuyve ;
_v31
700 1 _aBazán, Armando.
_926731
830 0 _aLuyve ;
_v31
_9181395
852 _aES-MaACL
_jC-13731
_bR.41647
999 _c141891
_d141891